000 00248nam a2200121 i 4500
001 bg
245 0 _aHigh Energy Physics.
260 _aKiew,
_c1972.
040 _cBPK
041 _apol
942 _cKS
008 s pl f |000 0 pol
999 _c14510
_d14510
856 _uhttp://koha.tu.koszalin.pl/cgi-bin/koha/opac-detail.pl?biblionumber=14510
_yKatalog online BPK